000
00299nam a2200109Ia 4500
008
210107s9999 xx 000 0 und d
100
_a
Ghosh, subratesh
245
0
_a
Styles of man management in India Japan & socialist countries
260
_a
New Delhi
_b
Oxford & IBH
300
_a
163
942
_c
BK
999
_c
11285
_d
11285